| 000 | 01298nam a2200289Ia 4500 | ||
|---|---|---|---|
| 003 | OSt | ||
| 005 | 20201029143037.0 | ||
| 008 | 191128t1997 mx ad gr 001 0 spa d | ||
| 020 | _a9684512449 | ||
| 040 |
_aCO-JMCR _cCO-JMCR |
||
| 041 | 1 |
_aspa _heng |
|
| 082 | 0 | 4 |
_a658.5 / _bM468g _223 |
| 100 | 1 |
_aMayer, Raymon R., _eautor _912220 |
|
| 245 | 1 | 0 |
_aGerencia de producción y operaciones / _cRaymond R. Mayer ; traductor, Ernesto Currea G. y Alberto Villegas B. ; revisor, Roberto Rosero H. |
| 260 |
_aMéxico ; Bogotá : _bMcGraw-Hill, _c©1977 |
||
| 300 |
_a527 páginas : _bilustraciones y gráficos a blanco y negro ; _c22 cm. |
||
| 500 | _aIncluye índice. | ||
| 504 | _aBibliografía: páginas [511]-516 | ||
| 505 | 0 | _aPlaneación de recursos -- Distribución de servicios y manejo de materiales -- Análisis de gastos de capital -- Control de inventarios -- Control de producción -- Control de calidad -- Métodos de trabajo -- Medición de trabajo e incentivos | |
| 534 | _pProduction and operations management | ||
| 546 | _aTraducido del inglés | ||
| 650 | 1 | 4 |
_aGestión de la producción _912221 |
| 700 | 1 |
_aCurrea G, Ernesto, _etraductor _912222 |
|
| 700 | 1 |
_aVillegas B., Alberto, _etraductor _912223 |
|
| 700 | 1 |
_aRosero H., Roberto, _erevisor _912224 |
|
| 942 |
_2ddc _cBK |
||
| 999 |
_c5763 _d5763 |
||